000 00759nam a22002417a 4500
003 OSt
005 20250711064432.0
008 250711b |||||||| |||| 00| 0 eng d
020 _a9781259253331
040 _aDWCL - Main lib
_cOC
082 _aCirc. 658.15 B828p 2017
100 _aBrealey, Richard A.
245 _aPrinciples of corporate finance/
_cRichard A. Brealey
250 _a12th edition.
260 _aNew York, NY :
_bMcGraw-Hill Education,
_cc2017.
300 _axxvii, 896 pages :
_b color illustrations ;
_c26 cm.
504 _aIncludes index.
650 _a1.Corporate finance.
650 _a2. Management-- Finance.
700 _aStewart C. Myers
700 _aAllen Franklin
942 _2ddc
_cBK-CIRC
_e12th edition.
_kCirc.
_n0
999 _c3625
_d3625